| 000 | 00879nam a22002897a 4500 | ||
|---|---|---|---|
| 003 | CHAP | ||
| 005 | 20220817041321.0 | ||
| 008 | 971013s1987 r 00010 d | ||
| 010 | _a11135 | ||
| 011 | _a12107 | ||
| 035 | _a14174 | ||
| 040 | _cCHAP | ||
| 090 | _aFolleto 11670 | ||
| 100 | 0 | 0 |
_aEscobedo Mendoza, Artemio. _937551 |
| 245 | 1 | _aGirasol de riego para el norte de Tamaulipas | |
| 260 |
_aRío Bravo, Tamps. : _bINIFAP, _c1987 |
||
| 300 | _a1 hoja desplegable | ||
| 490 |
_aDesplegable para productores _v; 4 |
||
| 590 |
_aBATCH-UPD _b10 _c20130110 _lUCH01 _h0250 |
||
| 590 |
_aBATCH-UPD _b10 _c20130110 _lUCH01 _h2229 |
||
| 590 |
_aCONVERSION _b10 _c20130109 _lUCH01 _h1307 |
||
| 650 | 1 | 4 |
_aGirasol _xTamaulipas. _948181 |
| 830 | 0 |
_aDesplegable para productores _v; 4 |
|
| 901 | _aBK | ||
| 942 | _cFOLL | ||
| 949 |
_aFolleto 11670 _bBC _cFOLL _d-30638 _eTS1 _i14174 _mD _si |
||
| 999 |
_c11135 _d11135 |
||